| 000 | 00534nam a22001817a 4500 | ||
|---|---|---|---|
| 008 | 230630b |||||||| |||| 00| 0 eng d | ||
| 020 | _a81-7656-595-4 | ||
| 040 |
_aNational Science Library _cNational Science Library |
||
| 080 |
_a681.3.06 _bP3 |
||
| 245 |
_aBPO ऑफिस 2000 कोर्स _c/ BPO Editorial Board |
||
| 246 | _aBPO office 2000 course | ||
| 260 |
_aNew Delhi: _bBPB Publications, _c2003 |
||
| 300 | _a242p. | ||
| 650 | _aComputer | ||
| 653 | _aSoftware | ||
| 653 | _aTechnology | ||
| 942 |
_2udc _cHBK |
||
| 999 |
_c48419 _d48419 |
||